Central Library OPAC University of Rajshahi

Accounting reports for management / (Record no. 15088)

MARC details
000 -LEADER
fixed length control field 00731nam a2200253 a 4500
001 - CONTROL NUMBER
control field 15088
003 - CONTROL NUMBER IDENTIFIER
rucl marc code BD-RjUL
005 - DATE AND TIME OF LATEST TRANSACTION
control field 20211208235740.0
008 - FIXED-LENGTH DATA ELEMENTS--GENERAL INFORMATION
fixed length control field 140209s1961 1957 njua 000 0 eng
035 ## - SYSTEM CONTROL NUMBER
System control number (BD-RjUL)15142
System control number (OCoLC)652616
040 ## - CATALOGING SOURCE
Original cataloging agency DLC
Transcribing agency OClU
Modifying agency OCoLC
-- Uk
-- BD-RjUL
Language of cataloging eng
041 ## - LANGUAGE CODE
Language code of text/sound track or separate title eng
082 ## - DEWEY DECIMAL CLASSIFICATION NUMBER
Classification number 657.3
Author mark and year LEA 1961
100 1# - MAIN ENTRY--PERSONAL NAME
Personal name Lewis, Ronello B.
9 (RLIN) 46966
245 10 - TITLE STATEMENT
Title Accounting reports for management /
Statement of responsibility, etc. Ronello B. Lewis.
260 ## - PUBLICATION, DISTRIBUTION, ETC. (IMPRINT)
Place of publication, distribution, etc. Englewood Clffs, N.J :
Name of publisher, distributor, etc. Prentice-Hall,
Date of publication, distribution, etc. 1957 [Printed 1961]
300 ## - PHYSICAL DESCRIPTION
Pagination 187 p. :
Illustrations illus. ;
Size 29 cm.
650 #0 - SUBJECT ADDED ENTRY--TOPICAL TERM
Topical term or geographic name as entry element Accounting.
9 (RLIN) 46967
Topical term or geographic name as entry element Report writing.
9 (RLIN) 46968
942 ## - ADDED ENTRY ELEMENTS (KOHA)
Source of classification or shelving scheme Dewey Decimal Classification
Koha item type Books
Holdings
Lost status Source of classification or shelving scheme Damaged status Not for loan Collection code Permanent Location Current Location Shelving location Date acquired Source of acquisition Cost, normal purchase price Total Checkouts Full call number Date last seen Copy number Koha item type
  Dewey Decimal Classification     Non-fiction Central Library, University of Rajshahi Central Library, University of Rajshahi   02/01/1965 Zeitlinger 140.00   657.3 LEA 1961 09/02/2014 C-3 Books
  Dewey Decimal Classification     Non-fiction Central Library, University of Rajshahi Central Library, University of Rajshahi   02/01/1965 Zeitlinger 140.00   657.3 LEA 1961 24/03/2019 C-2 Books
  Dewey Decimal Classification     Non-fiction Central Library, University of Rajshahi Central Library, University of Rajshahi   02/01/1965 Zeitlinger 140.00   657.3 LEA 1961 24/03/2019 C-4 Books
  Dewey Decimal Classification     Non-fiction Central Library, University of Rajshahi Central Library, University of Rajshahi   02/01/1965 Zeitlinger 140.00   657.3 LEA 1961 24/03/2019 C-5 Books
  Dewey Decimal Classification     Non-fiction Central Library, University of Rajshahi Central Library, University of Rajshahi   02/01/1965 Zeitlinger 140.00   657.3 LEA 1961 24/03/2019 C-6 Books
  Dewey Decimal Classification     Non-fiction Central Library, University of Rajshahi Central Library, University of Rajshahi   02/01/1965 Zeitlinger 140.00   657.3 LEA 1961 24/03/2019 C-7 Books
  Dewey Decimal Classification     Non-fiction Central Library, University of Rajshahi Central Library, University of Rajshahi   02/01/1965 Zeitlinger 140.00   657.3 LEA 1961 24/03/2019 C-8 Books
  Dewey Decimal Classification     Non-fiction Central Library, University of Rajshahi Central Library, University of Rajshahi   14/01/1965 Zeitlinger 140.00   657.3 LEA 1961 24/03/2019 C-9 Books
  Dewey Decimal Classification   Not For Loan Non-fiction Central Library, University of Rajshahi Central Library, University of Rajshahi Reading Room 25/03/1963 Zeitlinger 122.00   657.3 LEA 1961 24/03/2019 C-1 Books